| 000 | 00350cam a2200133ua 4500 | ||
|---|---|---|---|
| 020 | _a81-203-2235-5 | ||
| 082 |
_a658.4034 _bTAH/OP |
||
| 100 |
_aTaha, Hamdy A . _9739 |
||
| 245 | _aOperations Research: An introduction / | ||
| 250 | _a7 / 8 | ||
| 260 |
_aNew Delhi : _bPrentice Hall of India Pvt Ltd. , _c2004. |
||
| 300 | _a830 ; .813 | ||
| 942 | _cBK | ||
| 999 |
_c7361 _d7361 |
||